000 01192nam a2200277 i 4500
001 46556
003 ES-MaACL
005 20240419183717.0
007 t|
008 030409s1853 sp ||||1| spa d
080 _a1 Donoso Cortés, Juan
245 0 0 _aDiscursos pronunciados en la Real Academia Española con motivo de la admisión de Don Rafael María Baralt como individuo de ella.
260 _aMadrid :
_b[s.n.],
_c1853 (
_fImp. de S. Campagni)
300 _a80 p. ;
_c26 cm.
505 8 _aRecoge el discurso de Rafael María Baralt y el de contestación de Joaquín Francisco Pacheco
530 _aDisponible en formato digital.
594 _aTema del discurso: Estudio crítico de D. Juan Donoso Cortés, marqués de Valdegamas.
600 1 4 _aDonoso Cortés, Juan,
_d1809-1853-
_xCrítica e interpretación
_9172937
700 1 _aBaralt, Rafael María.
_925302
700 1 _aPacheco, Joaquín Francisco,
_d1808-1865
_988121
710 2 _aReal Academia Española
_96336
852 _aES-MaACL
_jT-47-F-7
852 _aES-MaACL
_jT-41-F-3
856 _uhttp://bdh-rd.bne.es/viewer.vm?id=0000090610&page=1
_zBiblioteca Digital Hispánica
999 _c46556
_d46556